000 00576nam a2200193Ia 4500
003 GCL
008 140319s9999 xx 000 0 eng d
020 _a0844408042
040 _aGCL /
_cGCL
082 0 4 _a016.297122
_bF H
100 1 _aFAWZI MIKHAIL TADROS
245 1 0 _aTHE HOLY KORAN IN THE LIBRARY OF CONGRESS : A BIOGRAPHY /
_cFAWZI MIKHAIL TADROS
260 _a[S.N] :
_bLIBRARY OF CONGRESS ،
_c1993
300 _a23 CM ؛
_cXXIX, 449 P
650 0 4 _aKORAN
650 0 4 _aLIBRARY OF CONGRESS CATALOG
650 0 4 _aKORAN - BIBLIOGRAPHY - CATALOGS
942 _2ddc
_cBK
999 _c4742
_d4742